Iblis menggoda anak Adam : sifat dengki, takbur, riak & syirik
| Main Author: | Thoriq Muiz Muhammad |
|---|---|
| Published: |
Kuala Lumpur:
Usnie,
2001.
|
| Subjects: |
| LEADER | 00577cam a2200181 7i4500 | ||
|---|---|---|---|
| 001 | 0000001049 | ||
| 005 | 20120905090000.0 | ||
| 020 | |a 9789832374022 | ||
| 020 | |a 9832374022 (pbk.) | ||
| 050 | 0 | 0 | |a BP166.89 THO 2001 |
| 090 | 0 | 0 | |a BP166.89 |b .T46 2001 |
| 100 | 0 | |a Thoriq Muiz Muhammad | |
| 245 | 1 | 0 | |a Iblis menggoda anak Adam : |b sifat dengki, takbur, riak & syirik |c Thoriq Muiz Muhammad. |
| 260 | |a Kuala Lumpur: |b Usnie, |c 2001. | ||
| 300 | |a iv, 78 p.; |c 22 cm. | ||
| 650 | 0 | 0 | |a Sin (Islamic) |
| 650 | 0 | 0 | |a Heresies, Islamic |
| 999 | |a 0000007818 |b BOK |c OPEN SHELF |e 1st Floor, Bestari Jaya | ||


